=LDR 00000nam 2200000 4500 =001 INLIS000000000005680 =005 20251021093850 =035 ##$$a 0010-1025000735 =007 ta =008 251021###########################0#eng## =082 ##$$a 363.96 =084 ##$$a 363.96 BAD f =100 #$$a Badan Koordinasi Keluarga Berencana Nasional =245 1#$$a Food, Saris And Sterilization /$c Badan Koordinasi Keluarga Berencana Nasional =260 ##$:$b Badan Koordinasi Keluarga Berencana Nasional =300 ##$$a 23 Hal : $b Ilus ; $c 21 =650 #4$$a Keluarga Berencana =856 ##$$a Perpustakaan Kemendukbangga